=LDR 00000nam 2200000 4500 =001 INLIS000000000036984 =005 20130612142734 =008 ***********************************Ind** =035 ##$$0010-061300000036984 =041 ##$$a Ind =082 ##$$a 813 =090 ##$$a 813, Zen s =100 ##$$a Zeng, Astrid =245 ##$$a Smani sempurna untuk tatiana, Astrid Zeng =260 ##$$a 2011 $b Jakarta =300 ##$$a 337 hlm, 18 cm =650 ##$$a Fiksi Indonesia =850 ##$$a NBPNMAT